Hammerdeep songs by Clamavi De Profundis - Statistics

General Stats
  • This quiz has been taken 4 times
    2 since last reset
  • The average score is 11 of 23
Answer Stats
Hint Answer % Correct
May 2019 When the Hammer Falls
100%
April 2021 Birth of an Age
50%
July 2020 Boic Bravesoul
50%
May 2024 Build
50%
June 2021 Daughters of the Sky
50%
February 2025 Dragon
50%
September 2019 Dragonshore
50%
May 2025 Halls of Victory
50%
July 2024 Hevdrok the Hero
50%
February 2024 Honor and Might
50%
April 2024 Iron Will
50%
October 2020 Oshrjad Bonebreaker
50%
January 2025 Rise to Victory
50%
August 2022 Son of the Mountain
50%
August 2024 Stillness of the Dark
50%
October 2021 The Battle at World Stone Keep
50%
January 2026 The Echoes of Eternal War
50%
July 2023 The Kingdom
50%
May 2020 The Song of Hammerdeep
50%
June 2024 The Ways Long Past
50%
January 2024 Winterdeep
50%
June 2022 Dwarven Forge
0%
December 2022 Song of the Caverns
0%
No matching quizzes found
Score Distribution
Percent of People with Each Score
Percentile by Number Answered
Your Score History
You have not taken this quiz since the last reset